000 01056nam0a22003131 4500
001 RU\NLR\A1SV\73965
005 20251203171251.9
035 _a(NLR Aleph) 009755478
090 _a9997608
_c9997608
100 _a20061120d1924 u y0rusy50 ca
101 0 _arus
102 _aRU
200 1 _aКурорт "Карьер"
_e(Сезон 1923 г. - июнь, июль, авг. месяцы)
_fВрач Е.В.Кротков, дир. курорта "Карьер" и зав. Общей Ленин. больницей
210 _aОмск
_cЛенин. район. испол. ком. РККД
_d1924
215 _a[2], 42 с., 18 л. диагр.
_d22 см
620 _dОмск
700 1 _aКротков
_bЕ.В.
_f1886-после 1946
_gЕвстафий Васильевич
801 0 _aRU
_bNLR
_c20061120
899 _aРНБ
_j40.21.7.535
899 _aРГБ
899 _aБАН
899 _aБАН
899 _aНБ Бел.
899 _aНБ ТГУ
942 _cBOOK
980 _aNB
980 _aA1SV
980 _aA1SV